Statistics for Basketball True or False

Click here to take the quiz!

General Stats

  • This quiz has been taken 576 times
  • The average score is 10 of 15

Answer Stats

QuestionAnswer% Correct
The shot clock is 40 secondsFalse
75%
The game clock is never paused.False
74%
A double dribble is the act of dribbling the ball, putting two hands on the ball, then dribbling it again.True
74%
If a player takes more than two steps while in possession of the ball, the ball gets turned over to the other team.True
72%
If you are fouled while shooting, you get shots at the free-throw line.True
72%
If you pass back over the half-court line once you’ve crossed it, the ball changes possession.True
67%
Goaltending is the act of interfering with the ball when it has a chance of making it into the hoop.True
67%
Once a game enters overtime, the first one to score winsFalse
65%
The shot clock changes to 15 seconds when there’s less than 2 minutes left in the game.False
64%
You can walk out of bounds if the ball isn’t in your possession.True
64%
The regulation size of a basketball hoop in the NBA is 9 Feet.False
62%
The paint is the area in the middle of the court, where the half court line is.False
58%
You can not spend more than 10 seconds behind the half-court line after the ball is inbounded.True
57%
Less than 20% of NBA players are white.True
52%
Halftime is 20 minutes longFalse
40%

Score Distribution

Percentile by Number Answered

Percent of People with Each Score

Your Score History

You have not taken this quiz